Visualizzazione normale
Vista MARC
- Armstrong Louis D.
di Personal Name
Records bibliografici associati: 1
001 - CONTROL NUMBER
- control field: 17247
003 - CONTROL NUMBER IDENTIFIER
- control field: IT-RoPau
005 - DATE AND TIME OF LATEST TRANSACTION
- control field: 20140324151639.0
008 - FIXED-LENGTH DATA ELEMENTS
- fixed length control field: 140324|| aca||aabn | a|a d
040 ## - CATALOGING SOURCE
- Original cataloging agency: IT-RoPau
- Transcribing agency: IT-RoPau
100 ## - HEADING--PERSONAL NAME
- Personal name: Armstrong Louis D.
- Miscellaneous information: Codice autore musica SPICS: 10718
- Relator term: Autore musica
- Name of part/section of a work: Perdido Street Blues - Coal Cart Blues
670 ## - SOURCE DATA FOUND
- Source citation: Work cat.: (IT-RoPau)100261: Bechet Sydney 17235, Sidney Bechet